000 00472nam a22001937a 4500
003 MPLRDC
005 20220104144231.0
008 210129b ||||| |||| 00| 0 eng d
020 _a957-529-915-9
082 _a428.8 QTZ
100 _a七田真
245 _a如何激发幼儿智力与才能
_c
250 _a一版一刷
260 _a
_b世茂出版社
_c2000
300 _b
490 _a妇幼馆. 47
650 _a育儿--教养
942 _cBK
_o428.8 QTZ
999 _c47679
_d47669